Sistema, grupo y poder: Psicología Social desde Centroamérica II
Gespeichert in:
| 1. Verfasser: | |
|---|---|
| Format: | Buch |
| Sprache: | Spanisch |
| Veröffentlicht: |
San Salvador
UCA Editores
1989
|
| Ausgabe: | 1a. ed |
| Schlagworte: | |
| Tags: |
Tag hinzufügen
Keine Tags, Fügen Sie den ersten Tag hinzu!
|
MARC
| LEADER | 00000cam a2200000 a 4500 | ||
|---|---|---|---|
| 001 | UCD5588 | ||
| 003 | CL-VaPUC | ||
| 008 | 160922e19890000es |||||||||||||||||spa|d | ||
| 020 | |a 9789992349984 | ||
| 082 | 0 | 4 | |a 302.3 |b MAR |2 21 |
| 100 | |a Martín-Baró, Ignacio |e autor |9 589388 | ||
| 245 | 1 | 0 | |a Sistema, grupo y poder: Psicología Social desde Centroamérica II |
| 250 | |a 1a. ed | ||
| 300 | |a 415 p | ||
| 942 | |c BK | ||
| 945 | |d 20160922 22:24:00 |a dcastane | ||
| 260 | |a San Salvador |b UCA Editores |c 1989 | ||
| 650 | 0 | |a Psicología social |9 222894 | |
| 650 | 0 | |a Violencia social |9 399777 | |
| 650 | 0 | |a Ideologías políticas |9 255735 | |
| 583 | |a last modification |c 20160922 22:24:00 |k Rodrigo Vera | ||
| 999 | |c 366241 |d 366239 | ||
| 952 | |0 0 |1 0 |3 erb |4 0 |6 302_300000000000000_MAR_1989 |7 0 |8 A |9 480321 |a BIBEDU |b BIBEDU |i 5342473 |o 302.3 MAR 1989 |p 5342473 |r 2019-11-24 |w 2019-11-24 |y BK |z Catalogado en:20160922 |k PSI | ||
| 952 | |0 0 |1 0 |3 erb |4 0 |6 302_300000000000000_MAR_1989 |7 0 |8 A |9 480322 |a BIBEDU |b BIBEDU |i 5342465 |o 302.3 MAR 1989 |p 5342465 |r 2019-11-24 |w 2019-11-24 |y BK |z Catalogado en:20160922 |k PSI | ||